000 01126nam0a22002291 4500
001 rc\2195505
005 20260407142500.0
035 _a(NLR Aleph) 006485659
090 _a6079522
_c6079522
100 _a20110829d1978 |||y0rusy50 ca
101 0 _arus
102 _aRU
105 _aa c |||||
200 1 _aМетодические указания по проектированию устройств автоматики, телемеханики и связи на железнодорожном транспорте
_e(И-89-78)
_eЭлектр. централизация. Проектирование двухниточ. плана станции
_fМ-во путей сообщения СССР. Гос. проект.-изыскат. ин-т "Гипротранссигналсвязь"
210 _aЛенинград
_cБ. и.
_d1978
215 _a44, 17 с.
_cил.
_d31
712 0 2 _a"Гипротранссигналсвязь", институт
_cЛенинград
_3RU\NLR\AUTH\8810012280
_9522342
801 0 _aRU
_bNLR
_gpsbo
801 1 _aRU
_bELAR
_2rusmarc
852 _aNLR
_j77-9/104
942 _cBOOK
980 _aNB